| 000 | 00571nam a22001937a 4500 | ||
|---|---|---|---|
| 999 |
_c16136 _d16136 |
||
| 003 | AR-CdUCM | ||
| 008 | 190403b ||||| |||| 00| 0 spa d | ||
| 020 | _a978-612-45548-0-3 | ||
| 040 |
_aMUNICIPALIDAD PROVINCIAL DEL CUSCO _cBIBLIOTECA MUNICIPAL DEL CUSCO |
||
| 082 |
_aEP / 398 / _bSU 95 |
||
| 110 |
_aAsociación Callpas. _935424 |
||
| 245 | _aSurphu / | ||
| 260 |
_aCusco : _bAsociación Callpas, _c2009. |
||
| 300 |
_a74 páginas ; _c29 cm |
||
| 650 |
_aIdioma quechua. _927790 |
||
| 650 |
_aCastellano _97963 |
||
| 942 |
_2ddc _cLIBROS |
||
| 945 |
_arum _d2019-05-02 |
||